000 01675nam0a2200349 4500
001 RU\NLR\bibl\245353
005 20260407130232.0
010 _a5-88812-123-1
_91000
021 _aRU
_b2002-24892
_91246
035 _a(NLR Aleph) 000241207
090 _a1405791
_c1405791
100 _a20020401d2001 |||y0rusy50 ca
101 0 _arus
102 _aRU
105 _aa |||||||||
200 1 _aКогда наступает время выбора
_e(Устремления молодежи и первые шаги после окончания учеб. заведений)
_f[Константиновский Д.Л., Чередниченко Г.А., Хохлушкина В.А. и др.
_gОтв. ред. Чередниченко Г.А.
_gПредисл.: Шубкин В.Н.]
_gИн-т социологии Рос. акад. наук
210 _aСПб.
_cРХГИ
_d2001
215 _a566 с.
_cил.
_d20
320 _aБиблиогр.: с. 464-471 и в подстроч. прим.
606 0 _aМолодежь
_xПрофессиональная ориентация
_xСоциологические исследования
_91550076
_3RU\NLR\auth\66676865
686 _aЧ312.025
686 _aС550.325.1
701 1 _aКонстантиновский
_bД. Л.
_4070
701 1 _aЧередниченко
_bГ. А.
_4070
701 1 _aХохлушкина Ф.А.
_4070
702 1 _aЧередниченко
_bГ. А.
_4340
712 0 2 _4570
_aИнститут социологии
_cМосква
_3RU\NLR\AUTH\889974822
_9446621
801 0 _aRU
_bNLR
_c20020401
_gPSBO
801 1 _aRU
_bNLR
_c20020401
942 _cBOOK
980 _aNB